| 000 | 00698pam a2200217 a 4500 | ||
|---|---|---|---|
| 001 | 2976434 | ||
| 005 | 20171215081432.0 | ||
| 008 | 920326s1993 nyu b 000 0 eng | ||
| 010 | _a 92010227 | ||
| 020 |
_a0671847120 : _c$10.00 |
||
| 040 |
_aDLC _cDLC _dDLC |
||
| 041 | _aeng | ||
| 080 | _a028.535 DOU | ||
| 082 | 0 | 0 |
_a028.535 DOU _220 |
| 100 | 1 | _a46 | |
| 101 | _aEDU | ||
| 245 | 1 | 0 |
_aReading lists for college-bound students / _cDoug Estell, Michele L. Satchwell, Patricia S. Wright. |
| 906 |
_a7 _bcbc _corignew _d1 _eocip _f19 _gy-gencatlg |
||
| 942 |
_2ddc _cBK |
||
| 999 |
_c39027 _d39027 |
||